[Event "Titled Tue 24th Jun Late"]
[Site "chess.com INT"]
[Date "2025.06.24"]
[Round "8"]
[White "Rojas Alarcon, Julian Antonio"]
[Black "Mei, Austin"]
[Result "1-0"]
[WhiteTitle "FM"]
[BlackTitle "FM"]
[WhiteElo "2365"]
[BlackElo "2280"]
[WhiteFideId "5107407"]
[BlackFideId "30948479"]
[EventDate "2025.06.24"]

1. c4 e5 2. g3 Nf6 3. Bg2 d5 4. cxd5 Nxd5 5. Nc3 Nb6 6. Nf3 Nc6 7. d3 Be7 8. Be3
Be6 9. O-O Qd7 10. d4 exd4 11. Nxd4 Nxd4 12. Qxd4 c6 13. Qxg7 O-O-O 14. a4 Rhg8
15. Qe5 Nc4 16. Qe4 Nxe3 17. Qxe3 Kb8 18. Ne4 Bd5 19. Rfd1 h5 20. Nc3 Qe6 21.
Nxd5 cxd5 22. Qb3 Rg5 23. e3 h4 24. Rac1 hxg3 25. hxg3 Rh5 26. Rc2 b6 27. Rcd2
Bc5 28. Rxd5 Rdxd5 29. Rxd5 Rxd5 30. Qxd5 Qxd5 31. Bxd5 f6 32. g4 Kc7 33. Kg2
Kd6 34. Bc4 Ke5 35. Kf3 a5 36. Ke2 Ke4 37. Bd3+ Kd5 38. f4 Be7 39. b3 Ba3 40.
Bc4+ Ke4 41. Bd3+ Kd5 42. Kf3 Bc1 43. g5 fxg5 44. fxg5 Ke5 45. g6 Kf6 46. Ke4
Bd2 47. Kd4 Be1 48. Bf5 Bf2 49. Kd3 Bg1 50. e4 Bc5 51. Kc4 Bg1 52. Kd5 Bh2 53.
e5+ Bxe5 54. g7 1-0

[Event "Titled Tue 24th Jun Late"]
[Site "chess.com INT"]
[Date "2025.06.24"]
[Round "8"]
[White "Bustelo, Tabare"]
[Black "Myagmarsuren, Evsuld"]
[Result "0-1"]
[WhiteTitle "CM"]
[BlackTitle "FM"]
[WhiteElo "2043"]
[BlackElo "2292"]
[WhiteFideId "3000362"]
[BlackFideId "1551639"]
[EventDate "2025.06.24"]

1. d4 Nf6 2. Bg5 Ne4 3. h4 c5 4. dxc5 Qa5+ 5. Nd2 e6 6. c3 Nxd2 7. Qxd2 Qxc5 8.
Nf3 d5 9. e4 Be7 10. Bxe7 Qxe7 11. exd5 exd5+ 12. Be2 O-O 13. O-O-O Bf5 14. Qxd5
Be4 15. Qg5 Qe6 16. b3 Nc6 17. Nd4 Nxd4 18. Rxd4 Rac8 19. Bc4 Qc6 20. f3 h6 21.
Qg3 Bh7 22. Rd6 Qc5 23. Rhd1 b5 24. R1d5 Qa3+ 25. Kd2 bxc4 26. Rxh6 Qb2+ 27. Ke1
Rfe8+ 28. Kf1 Qc1+ 29. Kf2 Qe1# 0-1

[Event "Titled Tue 24th Jun Late"]
[Site "chess.com INT"]
[Date "2025.06.24"]
[Round "8"]
[White "Tao, Sihan"]
[Black "Mecit, Emre"]
[Result "1-0"]
[WhiteTitle "FM"]
[WhiteElo "2202"]
[BlackElo "2007"]
[WhiteFideId "30982677"]
[BlackFideId "6304214"]
[EventDate "2025.06.24"]

1. c4 Nf6 2. g3 g6 3. Bg2 Bg7 4. b3 O-O 5. Bb2 c5 6. Nf3 Nc6 7. O-O e6 8. d4
cxd4 9. Nxd4 d5 10. cxd5 exd5 11. Nxc6 bxc6 12. Nc3 a5 13. Rc1 Ba6 14. Na4 Qe7
15. Re1 Rfe8 16. Rxc6 Bxe2 17. Bxf6 Qxf6 18. Qxd5 Qd4 19. Rc7 Qf6 20. Rxe2 Rad8
21. Rxe8+ Rxe8 22. Rc1 Re2 23. Qf3 Qe7 24. Bf1 Rd2 25. Nc3 Bd4 26. Ne2 Bb6 27.
Rc6 Ba7 28. a4 1-0

[Event "Titled Tue 24th Jun Late"]
[Site "chess.com INT"]
[Date "2025.06.24"]
[Round "8"]
[White "Bortnyk, Olexandr"]
[Black "Tan, Zhongyi"]
[Result "1-0"]
[WhiteTitle "GM"]
[BlackTitle "GM"]
[WhiteElo "2601"]
[BlackElo "2546"]
[WhiteFideId "14120828"]
[BlackFideId "8603642"]
[EventDate "2025.06.24"]

1. d4 d5 2. Nc3 Nf6 3. Bf4 e6 4. Nb5 Bb4+ 5. c3 Ba5 6. a4 a6 7. Na3 c6 8. Nf3
O-O 9. e3 Bc7 10. Bd3 Nbd7 11. O-O Re8 12. c4 Bxf4 13. exf4 b6 14. a5 bxa5 15.
c5 Ne4 16. Bxe4 dxe4 17. Ne5 Nxe5 18. dxe5 Qd5 19. Qc2 Rb8 20. Rfd1 Qb3 21. Qxb3
Rxb3 22. Nc4 Rb4 23. Nd6 Rd8 24. Rd2 f6 25. Rxa5 Rb5 26. Rxb5 axb5 27. Nxe4 Rd5
28. exf6 Rxd2 29. Nxd2 gxf6 30. Ne4 Kg7 31. Nd6 Bd7 32. g4 e5 33. f5 h5 34. f3
h4 35. Kg2 Kh6 36. Ne4 Kg7 37. Kh3 Be8 38. Nd6 Bf7 39. Nxf7 Kxf7 40. Kxh4 Kg7
41. g5 Kf7 42. gxf6 Kxf6 43. Kg4 1-0

[Event "Titled Tue 24th Jun Late"]
[Site "chess.com INT"]
[Date "2025.06.24"]
[Round "8"]
[White "Szpar, Milosz"]
[Black "Mitrabha, Guha"]
[Result "1-0"]
[WhiteTitle "IM"]
[BlackTitle "GM"]
[WhiteElo "2495"]
[BlackElo "2515"]
[WhiteFideId "1184989"]
[BlackFideId "5057000"]
[EventDate "2025.06.24"]

1. e4 c6 2. d4 d5 3. Nd2 dxe4 4. Nxe4 Nf6 5. Nxf6+ gxf6 6. Nf3 h5 7. c3 h4 8. h3
Bf5 9. Bd3 Qd5 10. O-O Bxd3 11. Qxd3 Nd7 12. c4 Qh5 13. Bf4 e6 14. d5 e5 15.
Rfe1 Bc5 16. Rad1 O-O-O 17. dxc6 bxc6 18. Be3 Bxe3 19. Qxe3 Nb6 20. Qc5 Rxd1 21.
Qxc6+ Kb8 22. Rxd1 Rg8 23. c5 e4 24. cxb6 Rxg2+ 25. Kh1 1-0

[Event "Titled Tue 24th Jun Late"]
[Site "chess.com INT"]
[Date "2025.06.24"]
[Round "8"]
[White "Foldes, Marton Gabor"]
[Black "Skatchkov, Pavel"]
[Result "0-1"]
[WhiteTitle "FM"]
[BlackTitle "GM"]
[WhiteElo "2295"]
[BlackElo "2457"]
[WhiteFideId "794708"]
[BlackFideId "4121848"]
[EventDate "2025.06.24"]

1. e4 e5 2. Nf3 d5 3. Nxe5 Bd6 4. d4 dxe4 5. Nc4 Nc6 6. Nc3 Bb4 7. Be3 Nf6 8.
Be2 Nd5 9. Qd2 O-O 10. a3 Bxc3 11. bxc3 f5 12. Bg5 e3 13. Nxe3 Qxg5 14. h4 Qd8
15. Bc4 Be6 16. O-O-O f4 17. Nxd5 Bxd5 18. Bd3 Qd6 19. Kb2 Na5 20. h5 Rf5 21. h6
Nc4+ 22. Bxc4 Bxc4 23. Ra1 Re8 24. hxg7 Re2 25. Qd1 f3 26. g3 h5 27. a4 Qb6+ 28.
Ka3 Qh6 29. Rh4 Qd6+ 30. Kb2 Qb6+ 31. Ka3 Ra5 32. Rb1 Qa6 33. Rb4 b5 0-1

[Event "Titled Tue 24th Jun Late"]
[Site "chess.com INT"]
[Date "2025.06.24"]
[Round "8"]
[White "Swara Lakshmi S Nair"]
[Black "Adel, Sara"]
[Result "1-0"]
[WhiteTitle "WCM"]
[BlackTitle "WFM"]
[WhiteElo "2187"]
[BlackElo "1880"]
[WhiteFideId "25629239"]
[BlackFideId "10616764"]
[EventDate "2025.06.24"]

1. e4 c6 2. d4 d5 3. Nc3 dxe4 4. Nxe4 e5 5. dxe5 Qa5+ 6. Nc3 Qxe5+ 7. Be2 Bd6 8.
Nf3 Qe7 9. O-O Bg4 10. Re1 Be6 11. Nd4 Nf6 12. Bf3 O-O 13. Bg5 Nbd7 14. Ne4 Be5
15. Nxe6 fxe6 16. c3 Qf7 17. Bxf6 Nxf6 18. Ng5 Qg6 19. Rxe5 Rfd8 20. Qe2 Nd7 21.
Be4 Qf6 22. Bxh7+ Kh8 23. Ra5 b6 24. Qh5 Qh6 25. Nf7+ Kxh7 26. Nxh6 gxh6 27.
Qf7+ Kh8 28. Rh5 1-0

[Event "Titled Tue 24th Jun Late"]
[Site "chess.com INT"]
[Date "2025.06.24"]
[Round "8"]
[White "Gattani, Sarthak"]
[Black "Fiorito, Fabian"]
[Result "0-1"]
[BlackTitle "IM"]
[WhiteElo "1944"]
[BlackElo "2274"]
[WhiteFideId "30995965"]
[BlackFideId "100200"]
[EventDate "2025.06.24"]

1. d4 Nf6 2. c4 g6 3. Nc3 Bg7 4. e4 d6 5. Nf3 O-O 6. Be2 e5 7. Be3 Ng4 8. Bg5 f6
9. Bc1 Nh6 10. O-O Nc6 11. h3 Kh8 12. Be3 f5 13. dxe5 f4 14. Bc1 Nxe5 15. c5 g5
16. cxd6 cxd6 17. Nd5 Nxf3+ 18. Bxf3 Be5 19. Rb1 Be6 20. b3 Qd7 21. Bb2 Qg7 22.
Bxe5 dxe5 23. g4 fxg3 24. fxg3 Bxh3 25. Bg2 Be6 26. Qd2 Ng4 27. Rxf8+ Rxf8 28.
Qe2 Qh6 29. Bf3 Qh3 30. Qg2 Qxg2+ 31. Kxg2 Bxd5 32. exd5 Ne3+ 33. Kf2 Nxd5 34.
Re1 Nf6 35. Rxe5 Ng4+ 0-1

[Event "Titled Tue 24th Jun Late"]
[Site "chess.com INT"]
[Date "2025.06.24"]
[Round "8"]
[White "Fikiet, Alex"]
[Black "Tang, Dylan"]
[Result "1-0"]
[BlackTitle "FM"]
[WhiteElo "2151"]
[BlackElo "2236"]
[WhiteFideId "2052717"]
[BlackFideId "30972531"]
[EventDate "2025.06.24"]

1. e4 d6 2. d4 Nf6 3. Nc3 g6 4. f4 c6 5. Nf3 b5 6. e5 b4 7. exf6 bxc3 8. bxc3
exf6 9. Bd3 Bg7 10. O-O O-O 11. f5 Nd7 12. Bf4 Nb6 13. Qe1 Re8 14. Qg3 Bf8 15.
h4 Nd5 16. Bd2 Ne7 17. fxg6 fxg6 18. h5 Bf5 19. hxg6 Bxd3 20. gxh7+ Kxh7 21.
cxd3 Bg7 22. Rae1 Ng6 23. Qh3+ Kg8 24. Qf5 Nf8 25. Bf4 d5 26. Nh4 Qd7 27. Qh5
Qf7 28. Qg4 Qd7 29. Nf5 Kh8 30. Rxe8 Rxe8 31. Rf3 Nh7 32. Rh3 Bf8 33. Qg6 Re2
34. Qxf6+ Kg8 35. Rg3+ 1-0

[Event "Titled Tue 24th Jun Late"]
[Site "chess.com INT"]
[Date "2025.06.24"]
[Round "8"]
[White "Vazelakis, Dimitrios"]
[Black "Izafatava, Kira"]
[Result "1-0"]
[BlackTitle "WCM"]
[WhiteElo "1857"]
[BlackElo "2036"]
[WhiteFideId "4203674"]
[BlackFideId "13521705"]
[EventDate "2025.06.24"]

1. d4 d5 2. Nf3 Nf6 3. g3 g6 4. Bg2 Bg7 5. O-O O-O 6. c4 e6 7. Nc3 b6 8. Ne5 Bb7
9. Qc2 Nbd7 10. Rd1 Rc8 11. e4 Nxe4 12. Nxe4 dxe4 13. Nxd7 Qxd7 14. Bxe4 Bxe4
15. Qxe4 c5 16. d5 exd5 17. Rxd5 Qh3 18. Qg2 Qg4 19. Qf1 Rfe8 20. Rb1 Bd4 21. b3
Re2 22. Be3 Bxe3 23. fxe3 Rxe3 24. Rbd1 Qe2 25. Rd7 Qxf1+ 26. Kxf1 a5 27. Rb7
Rc6 28. Rdd7 Rf6+ 29. Kg1 Kg7 30. Rd2 Re1+ 31. Kg2 Re3 32. Rbd7 a4 33. bxa4 1-0

[Event "Titled Tue 24th Jun Late"]
[Site "chess.com INT"]
[Date "2025.06.24"]
[Round "8"]
[White "Evdokimov, Alexey"]
[Black "Fedoryshyn, Ievgenii"]
[Result "0-1"]
[WhiteTitle "FM"]
[BlackTitle "FM"]
[WhiteElo "2205"]
[BlackElo "2278"]
[WhiteFideId "24162450"]
[BlackFideId "26095467"]
[EventDate "2025.06.24"]

1. e4 c6 2. Nc3 d5 3. Qf3 d4 4. Nce2 e5 5. Ng3 g6 6. Bc4 Nf6 7. d3 Bg4 8. Bg5
Bxf3 9. Nxf3 h6 10. Bd2 Bd6 11. h4 a5 12. a3 h5 13. Ng5 O-O 14. Ke2 Ng4 15. Raf1
Nd7 16. f3 Ne3 17. Bxe3 dxe3 18. Kxe3 Qb6+ 19. Kd2 Qxb2 20. Rb1 Qxa3 21. Rxb7
Bb4+ 22. Ke2 Qc3 23. Kf2 Bc5+ 24. Ke2 Qxc2+ 25. Ke1 Rab8 0-1

[Event "Titled Tue 24th Jun Late"]
[Site "chess.com INT"]
[Date "2025.06.24"]
[Round "8"]
[White "Shapiro, Daniel"]
[Black "Sheehan, Ethan"]
[Result "0-1"]
[WhiteTitle "FM"]
[WhiteElo "2284"]
[BlackElo "2364"]
[WhiteFideId "2001780"]
[BlackFideId "30943965"]
[EventDate "2025.06.24"]

1. d4 d5 2. c4 e6 3. Nf3 Nf6 4. g3 Bb4+ 5. Bd2 Be7 6. Qc2 O-O 7. Bg2 Nbd7 8. O-O
c6 9. Bf4 b6 10. Rd1 Ba6 11. Nbd2 Nh5 12. Rac1 Nxf4 13. gxf4 Rc8 14. b3 c5 15.
Qb2 dxc4 16. Nxc4 Bxc4 17. Rxc4 Bf6 18. Qd2 Qe7 19. e4 Bxd4 20. Nxd4 cxd4 21.
Rxd4 Nc5 22. b4 Na4 23. Rd7 Qh4 24. Rxa7 Nc3 25. Re1 Rc4 26. Rb7 Rd8 27. Qb2
Qxf4 28. Rxb6 h5 29. Qb3 Rd2 30. Rf1 Ne2+ 31. Kh1 Rcc2 32. a4 Nd4 33. Qg3 Qf6
34. a5 Rxf2 35. Re1 h4 36. Rb8+ Kh7 37. Qg4 Rxg2 38. Qxg2 Rxg2 39. Kxg2 Qf3+ 40.
Kg1 h3 0-1

[Event "Titled Tue 24th Jun Late"]
[Site "chess.com INT"]
[Date "2025.06.24"]
[Round "8"]
[White "Zilberstein, Dmitry"]
[Black "Rajaram, Rohan"]
[Result "0-1"]
[WhiteTitle "IM"]
[BlackTitle "CM"]
[WhiteElo "2358"]
[BlackElo "2164"]
[WhiteFideId "2010739"]
[BlackFideId "30940729"]
[EventDate "2025.06.24"]

1. e4 c5 2. Nf3 d6 3. d4 cxd4 4. Qxd4 Nc6 5. Bb5 Bd7 6. Qd3 Nf6 7. c4 a6 8. Bxc6
Bxc6 9. Nc3 e6 10. O-O Be7 11. Bf4 O-O 12. Rad1 Qb6 13. b3 Rad8 14. Rfe1 Rfe8
15. h3 Qb4 16. Bd2 Qb6 17. Be3 Qc7 18. Nd4 Nd7 19. Qb1 Bf6 20. Nd5 exd5 21. exd5
Bxd5 22. cxd5 Nf8 23. Nf5 Ng6 24. g3 Ne5 25. Kg2 Ng6 26. h4 h5 27. Bg5 Bxg5 28.
hxg5 Qd7 29. f4 h4 30. gxh4 Qxf5 0-1

[Event "Titled Tue 24th Jun Late"]
[Site "chess.com INT"]
[Date "2025.06.24"]
[Round "8"]
[White "Guha, Eshan"]
[Black "Brady, Tyson"]
[Result "1/2-1/2"]
[BlackTitle "CM"]
[WhiteElo "2071"]
[BlackElo "2170"]
[WhiteFideId "30958628"]
[BlackFideId "30970369"]
[EventDate "2025.06.24"]

1. Nf3 Nf6 2. b3 g6 3. Bb2 Bg7 4. g3 O-O 5. Bg2 c5 6. c4 Nc6 7. O-O d6 8. Nc3
Bf5 9. h3 Ne4 10. Rc1 Qa5 11. Nh4 Nxc3 12. Bxc3 Bxc3 13. Nxf5 Bf6 14. Nh6+ Kh8
15. Ng4 Bg7 16. a4 Rab8 17. Ne3 Nd4 18. Rb1 e6 19. Nc2 a6 20. Nxd4 Bxd4 21. e3
Bg7 22. d4 b5 23. axb5 axb5 24. dxc5 dxc5 25. Qd6 Qb4 26. cxb5 Rfd8 27. Qc6 Qxb5
28. Qxb5 Rxb5 29. Rfc1 Rdb8 30. Rc4 Bf8 31. Rc3 h5 32. Bf1 Rb4 33. Bc4 Kg7 1/2-1/2

[Event "Titled Tue 24th Jun Late"]
[Site "chess.com INT"]
[Date "2025.06.24"]
[Round "8"]
[White "Barseghyan, Armen Ar."]
[Black "Christiansen, Johan-Sebastian"]
[Result "0-1"]
[WhiteTitle "IM"]
[BlackTitle "GM"]
[WhiteElo "2348"]
[BlackElo "2642"]
[WhiteFideId "13306707"]
[BlackFideId "1512668"]
[EventDate "2025.06.24"]

1. Nf3 g6 2. d4 Bg7 3. g3 d6 4. Bg2 Nf6 5. O-O Bf5 6. Nc3 O-O 7. Nh4 Bc8 8. e4
Nc6 9. d5 Nb4 10. a3 Na6 11. Rb1 Bd7 12. Re1 c6 13. Be3 Qc7 14. h3 cxd5 15. exd5
Rfe8 16. Bd4 Nc5 17. Nf3 Rac8 18. Kh2 Bf5 19. Re2 a6 20. g4 Bd7 21. Kg1 b5 22.
Qd2 a5 23. g5 Nh5 24. Bxg7 Nxg7 25. Nd4 b4 26. axb4 axb4 27. Ncb5 Qb6 28. c4
bxc3 29. bxc3 Nf5 30. Nc6 Bxc6 31. dxc6 Rxc6 32. Bxc6 Qxc6 33. Nd4 Qd5 34. Qa2
Qxa2 35. Rxa2 Nh4 36. Kf1 Ne4 0-1

[Event "Titled Tue 24th Jun Late"]
[Site "chess.com INT"]
[Date "2025.06.24"]
[Round "8"]
[White "Tristan, Leonardo"]
[Black "Carlsen, Magnus"]
[Result "0-1"]
[WhiteTitle "GM"]
[BlackTitle "GM"]
[WhiteElo "2536"]
[BlackElo "2837"]
[WhiteFideId "113816"]
[BlackFideId "1503014"]
[EventDate "2025.06.24"]

1. d4 a6 2. e4 e6 3. Nf3 d5 4. exd5 exd5 5. Bd3 c5 6. O-O c4 7. Re1+ Be7 8. Bf1
Nc6 9. b3 cxb3 10. axb3 Nf6 11. h3 O-O 12. c4 Bf5 13. Nc3 Bb4 14. Bb2 h6 15. Bd3
Bxd3 16. Qxd3 Rc8 17. Red1 Re8 18. Rac1 Na5 19. Na2 Bd6 20. c5 Bf4 21. Rb1 Nc6
22. b4 Ne4 23. Bc1 Bxc1 24. Rdxc1 Na7 25. Nc3 Nxc3 26. Qxc3 Nb5 27. Qd2 Re4 28.
Re1 Qf6 29. Rbd1 Rce8 30. Re3 Qe6 31. Rde1 f5 32. Rxe4 fxe4 33. Ne5 Nxd4 34.
Qxd4 Qxe5 35. Qxe5 Rxe5 36. Rd1 Kf7 37. Kf1 Ke6 38. Ke2 Kd7 39. Ke3 Kc6 40. g4
Re8 41. Kd4 Rf8 42. Rd2 g5 43. Ke5 Re8+ 44. Kf6 e3 45. fxe3 Rxe3 46. Rh2 d4 47.
Kg6 Re6+ 48. Kg7 Kd5 0-1

[Event "Titled Tue 24th Jun Late"]
[Site "chess.com INT"]
[Date "2025.06.24"]
[Round "8"]
[White "Tari, Aryan"]
[Black "Arakelyan, Manvel"]
[Result "1-0"]
[WhiteTitle "GM"]
[BlackTitle "FM"]
[WhiteElo "2636"]
[BlackElo "2326"]
[WhiteFideId "1510045"]
[BlackFideId "13317415"]
[EventDate "2025.06.24"]

1. e4 c5 2. Nc3 e6 3. d4 cxd4 4. Qxd4 Nc6 5. Qd3 d6 6. Qg3 Nf6 7. Bg5 Be7 8.
O-O-O O-O 9. f4 Qa5 10. Nf3 b5 11. e5 dxe5 12. fxe5 Nd5 13. Nxd5 exd5 14. Bf6 g6
15. Qf4 Re8 16. Kb1 Bf5 17. Bd3 Bxd3 18. cxd3 Rac8 19. Ng5 Qb4 20. d4 Nd8 21. h4
h5 22. g4 hxg4 23. h5 Bxf6 24. hxg6 1-0

[Event "Titled Tue 24th Jun Late"]
[Site "chess.com INT"]
[Date "2025.06.24"]
[Round "8"]
[White "Becking, Stephan"]
[Black "Sitbon, Itay"]
[Result "0-1"]
[WhiteTitle "IM"]
[WhiteElo "2410"]
[BlackElo "2206"]
[WhiteFideId "4632478"]
[BlackFideId "2820706"]
[EventDate "2025.06.24"]

1. Nf3 g6 2. g3 Bg7 3. Bg2 e5 4. O-O d5 5. d3 Ne7 6. Nc3 O-O 7. Bd2 d4 8. Nb1
Bd7 9. c3 c5 10. Na3 Bc6 11. cxd4 exd4 12. Nc4 Nd7 13. Rc1 b6 14. b4 Rc8 15.
bxc5 Nxc5 16. Bf4 Nd5 17. Qd2 Nxf4 18. Qxf4 Re8 19. Rfe1 Rc7 20. Nd6 Re6 21. Nc4
Rce7 22. Ng5 Bxg2 23. Nxe6 Nxe6 24. Qd6 Rd7 25. Qa3 Bh3 26. Nd2 Bh6 27. Qb2 Nc5
28. Rc2 Re7 29. Nf3 Bg7 30. Qa3 Qd5 31. Rec1 Bf8 32. Rxc5 bxc5 33. Rxc5 Qxf3 34.
exf3 Re1# 0-1

[Event "Titled Tue 24th Jun Late"]
[Site "chess.com INT"]
[Date "2025.06.24"]
[Round "8"]
[White "Brancaleoni, Maurizio"]
[Black "Deng, Henry"]
[Result "1-0"]
[WhiteTitle "FM"]
[BlackTitle "FM"]
[WhiteElo "2185"]
[BlackElo "2327"]
[WhiteFideId "803022"]
[BlackFideId "30965454"]
[EventDate "2025.06.24"]

1. Nf3 d5 2. d4 Nf6 3. c4 c6 4. cxd5 cxd5 5. Nc3 Nc6 6. Bf4 Bf5 7. e3 e6 8. Qb3
Bb4 9. Bb5 O-O 10. Bxc6 Bxc3+ 11. Qxc3 Rc8 12. Ne5 Ng4 13. Nxg4 Bxg4 14. O-O
Rxc6 15. Qb4 Qb6 16. Qxb6 Rxb6 17. b3 Rc8 18. f3 Bf5 19. Rac1 Rbc6 20. Rxc6 Rxc6
21. g4 Bg6 22. Bb8 a5 23. Ba7 Bd3 24. Rf2 Rc1+ 25. Kg2 b5 26. Bb6 a4 27. bxa4
bxa4 28. a3 h6 29. Bc5 Kh7 30. Bb4 g5 31. Rd2 Bc4 32. e4 Kg6 33. e5 h5 34. h3 h4
35. Rf2 Bd3 36. Be7 Rb1 37. Bc5 Bf1+ 38. Rxf1 Rb2+ 39. Rf2 Rb1 40. f4 gxf4 41.
Rxf4 Rb3 42. Rf3 Rb2+ 43. Rf2 Rb3 44. Rf3 Rb2+ 45. Kf1 Rb3 46. Ke2 Rb2+ 47. Ke1
Kg7 48. Be7 Rb1+ 49. Kd2 Rb2+ 50. Kc1 Ra2 51. Bxh4 Ra1+ 52. Kb2 Rd1 53. Kc3 Rb1
54. Rd3 Kg6 55. Be7 Rb3+ 56. Kc2 Rb8 57. h4 Kh6 58. Bg5+ Kg6 59. Rf3 Rc8+ 60.
Rc3 Rb8 61. Be7 Rb7 62. h5+ Kh6 63. Bf6 Rb8 64. Rc7 Rb3 65. Rc8 Rb8 66. Rxb8 Kh7
67. Rh8# 1-0

[Event "Titled Tue 24th Jun Late"]
[Site "chess.com INT"]
[Date "2025.06.24"]
[Round "8"]
[White "Ibarra Jerez, Jose Carlos"]
[Black "Graif, William"]
[Result "1-0"]
[WhiteTitle "GM"]
[BlackTitle "FM"]
[WhiteElo "2545"]
[BlackElo "2211"]
[WhiteFideId "2226332"]
[BlackFideId "2609835"]
[EventDate "2025.06.24"]

1. e4 e5 2. Nf3 Bc5 3. Nxe5 Nc6 4. Nxc6 dxc6 5. c3 Qh4 6. Qf3 Qh6 7. Bc4 Nf6 8.
O-O Bd6 9. h3 Bf4 10. e5 Bg4 11. Qd3 Rd8 12. Qc2 Bxh3 13. g3 Qh5 14. exf6 Bg4
15. Qe4+ Kd7 16. Qxf4 Qh3 17. fxg7 Rhe8 18. Bxf7 Re7 19. g8=Q Rxg8 20. Bxg8 Kc8
21. d4 b6 22. d5 Be2 23. Nd2 Bxf1 24. Nxf1 Re1 25. Be6+ Kb8 26. Bxh3 1-0

[Event "Titled Tue 24th Jun Late"]
[Site "chess.com INT"]
[Date "2025.06.24"]
[Round "8"]
[White "Leiva, Gianmarco"]
[Black "Demchenko, Anton"]
[Result "0-1"]
[WhiteTitle "IM"]
[BlackTitle "GM"]
[WhiteElo "2387"]
[BlackElo "2619"]
[WhiteFideId "3804399"]
[BlackFideId "4160258"]
[EventDate "2025.06.24"]

1. d4 Nf6 2. Nf3 g6 3. c3 Bg7 4. Bg5 h6 5. Bh4 d6 6. Nbd2 Bf5 7. h3 g5 8. Bg3
Nbd7 9. Bh2 e6 10. g4 Bg6 11. Bg2 Qe7 12. Nc4 Nb6 13. Nfd2 Nbd5 14. e4 Nf4 15.
Bxf4 gxf4 16. e5 Nd7 17. exd6 cxd6 18. Qf3 O-O 19. Qxf4 e5 20. Qf3 exd4+ 21. Kf1
b5 22. Na5 dxc3 23. bxc3 Ne5 24. Qg3 Qc7 25. Ndb3 Rac8 26. f4 Nc4 27. Nc6 Rce8
28. Re1 d5 29. Bxd5 Qd6 30. Qf3 Rxe1+ 31. Kxe1 Re8+ 32. Kf2 Ne3 33. Rd1 Nxd5 34.
Qxd5 Qxf4+ 35. Qf3 Qh2+ 36. Kf1 Be4 0-1

[Event "Titled Tue 24th Jun Late"]
[Site "chess.com INT"]
[Date "2025.06.24"]
[Round "8"]
[White "Omariev, Maksim"]
[Black "Mekhitarian, Krikor Sevag"]
[Result "0-1"]
[WhiteTitle "FM"]
[BlackTitle "GM"]
[WhiteElo "2304"]
[BlackElo "2564"]
[WhiteFideId "4193423"]
[BlackFideId "2107660"]
[EventDate "2025.06.24"]

1. b3 Nf6 2. Bb2 d5 3. f4 c5 4. Nf3 Nc6 5. e3 a6 6. g3 g6 7. Bg2 Bg7 8. O-O O-O
9. Ne5 Bd7 10. Nc3 e6 11. Na4 b6 12. c4 Nxe5 13. fxe5 Ne8 14. cxd5 Bxa4 15. bxa4
exd5 16. Qb3 Nc7 17. Bc3 b5 18. axb5 axb5 19. a4 c4 20. Qc2 bxa4 21. Rxa4 Nb5
22. Ba1 Qd7 23. Rb1 Na3 24. Rxa3 Rxa3 25. Bd4 Raa8 26. Qb2 Rfd8 27. Qb6 Qe8 28.
Rb5 Rab8 29. Qc5 Rxb5 0-1

[Event "Titled Tue 24th Jun Late"]
[Site "chess.com INT"]
[Date "2025.06.24"]
[Round "8"]
[White "Moroni, Luca Jr"]
[Black "Holinka, Henning"]
[Result "1-0"]
[WhiteTitle "GM"]
[BlackTitle "FM"]
[WhiteElo "2549"]
[BlackElo "2303"]
[WhiteFideId "865834"]
[BlackFideId "12967084"]
[EventDate "2025.06.24"]

1. d4 d5 2. Bf4 e6 3. e3 Bd6 4. Nf3 c5 5. dxc5 Bxf4 6. exf4 Qa5+ 7. c3 Qxc5 8.
Nbd2 Nc6 9. Bd3 Nf6 10. O-O O-O 11. Qe2 b6 12. Rfe1 Bb7 13. Rad1 Rad8 14. Nb3
Qd6 15. Ne5 Rfe8 16. Bb5 Nd7 17. Nd4 Ndb8 18. Qh5 Re7 19. Bxc6 Nxc6 20. Re3 f6
21. Ng4 Rf8 22. f5 Nxd4 23. cxd4 exf5 24. Qxf5 Bc8 25. Qh5 Rxe3 26. Nxe3 Be6 27.
a3 Rc8 28. g3 Qc6 29. Re1 Bf7 30. Qg4 Rd8 31. Nf5 1-0

[Event "Titled Tue 24th Jun Late"]
[Site "chess.com INT"]
[Date "2025.06.24"]
[Round "8"]
[White "Jagirapu, Harshin Reddy"]
[Black "Haug, Havard"]
[Result "1-0"]
[BlackTitle "FM"]
[WhiteElo "2042"]
[BlackElo "2354"]
[WhiteFideId "39910679"]
[BlackFideId "1547887"]
[EventDate "2025.06.24"]

1. d4 Nf6 2. Nf3 e6 3. e3 b6 4. Bd3 Bb7 5. Nbd2 d5 6. c4 Nbd7 7. b3 c5 8. Bb2
Be7 9. O-O O-O 10. Rc1 Rc8 11. cxd5 Nxd5 12. Nc4 cxd4 13. Nxd4 Bf6 14. Qe2 Nc5
15. Bb1 Qe7 16. Rfd1 Rfd8 17. Ba3 Qe8 18. Qe1 g6 19. f3 e5 20. Ne2 Ba8 21. Ng3
e4 22. Nxe4 Nxe4 23. Bxe4 Nc3 24. Rxd8 Rxd8 25. Bxa8 Rxa8 26. Rxc3 Bxc3 27. Qxc3
f6 28. Qxf6 b5 29. Bb2 Qf8 30. Qh8+ Kf7 31. Qxh7+ Ke6 32. Qxg6+ Kd5 33. Qe4+ Kc5
34. Ba3+ b4 35. Qd4+ Kb5 36. Nd6+ Kc6 37. Qe4+ Kd7 38. Bxb4 a5 39. Bc5 a4 40.
Qb7+ Ke6 41. Qc6 Qg8 42. Ne4+ Kf7 43. Qd7+ Kg6 44. Qg4+ Kh6 45. Qh4+ Kg6 46.
Qf6+ Kh7 47. Ng5+ Qxg5 48. Qxg5 Ra6 49. Bd4 Rg6 50. Qh5+ Rh6 51. Qf7# 1-0

[Event "Titled Tue 24th Jun Late"]
[Site "chess.com INT"]
[Date "2025.06.24"]
[Round "8"]
[White "Beyer, Lorenz"]
[Black "Ladan, Nicholas"]
[Result "1-0"]
[WhiteTitle "CM"]
[WhiteElo "2226"]
[BlackElo "2218"]
[WhiteFideId "16245393"]
[BlackFideId "30918855"]
[EventDate "2025.06.24"]

1. d4 d5 2. Bf4 c5 3. e3 Nc6 4. c3 Qb6 5. Qc2 Nf6 6. Nf3 Bf5 7. dxc5 Bxc2 8.
cxb6 axb6 9. Na3 Bf5 10. Nb5 Rc8 11. Nfd4 Nxd4 12. Nxd4 Bd7 13. Nb5 e6 14. Nd6+
Bxd6 15. Bxd6 Ne4 16. Bb4 f6 17. Bd3 Nc5 18. Bc2 Bb5 19. Kd2 Ne4+ 20. Bxe4 dxe4
21. a4 Bd3 22. a5 b5 23. a6 bxa6 24. Rxa6 Kf7 25. Ra7+ Kg6 26. h4 h5 27. Rha1
Rhd8 28. Ke1 Rd5 29. Re7 Rcd8 30. Raa7 Bf1 31. Rxg7+ Kf5 32. g4+ hxg4 33. Kxf1
Rd1+ 34. Kg2 Rb1 35. Rad7 Ra8 36. Rdf7 Ke5 37. Ba3 f5 38. Rb7 Kf6 39. h5 1-0